000 01113 a2200277 4500
001 200421256
003 TR-AnTOB
005 20241129155055.0
008 150205b tu 000 0
020 _a9789756807781
040 _aTR-AnTOB
_btur
_erda
_cTR-AnTOB
041 0 _atur
050 0 0 _aKKX1269
_b.S29
090 _aKKX1269 .S29
245 1 0 _a6111 sayılı bazı alacakların yeniden yapılandırması ile sosyal sigortalar ve genel sağlık sigortası kanunu ve diğer bazı kanun ve kanun hükmünde kararnamelerde değişiklik yapılması hakkında kanun ve 6215 sayılı bazı kanunlarda değişiklik yapılmasına dair kanun
264 _aAnkara :
_bMahalli İdareler Derneği,
_c[date of publication not identified]
300 _a223 s.;
_c15 cm.
336 _atext
_2rdacontent
_btxt
337 _aunmediated
_2rdamedia
_bn
338 _avolume
_2rdacarrier
_bnc
490 0 _aMahalli İdareler Derneği ;
_v79
_aMevzuat Serisi ;
_v11
650 0 7 _aSosyal mevzuat
_zTürkiye
_2etuturkob
_974110
650 0 0 _aSosyal güvenlik
_xHukuk ve mevzuat
_zTürkiye
_9103531
942 _cBK
_2lcc
999 _c200421256
_d36141